|
|
|
|
| LEADER |
00000nam0a2200000 4500 |
| 001 |
118441 |
| 005 |
20231031124135.0 |
| 035 |
|
|
|a (RuTPU)RU\TPU\book\128163
|
| 090 |
|
|
|a 118441
|
| 100 |
|
|
|a 20070611d1992 k y0rusy50 ca
|
| 101 |
0 |
|
|a rus
|
| 102 |
|
|
|a RU
|
| 105 |
|
|
|a a b 000zy
|
| 200 |
1 |
|
|a Резцы для точения, растачивания, отрезки, нарезания резьбы и канавок. Прогрессивный инструмент для металлообработки
|e Отраслевой каталог
|f ВНИИинструмент; сост. Я. А. Музыкант, Н. Е. Комова
|
| 210 |
|
|
|a Москва
|c ВНИИТЭМР
|d 1992
|
| 215 |
|
|
|a 24 с.
|c ил.
|
| 610 |
1 |
|
|a каталоги
|
| 610 |
1 |
|
|a резцы
|
| 610 |
1 |
|
|a точение
|
| 610 |
1 |
|
|a растачивание
|
| 610 |
1 |
|
|a отрезки
|
| 610 |
1 |
|
|a нарезание
|
| 610 |
1 |
|
|a резьба
|
| 610 |
1 |
|
|a канавки
|
| 610 |
1 |
|
|a металлообработка
|
| 610 |
1 |
|
|a станки
|
| 610 |
1 |
|
|a станки с ЧПУ
|
| 675 |
|
|
|a 621.9(085)
|v 3
|
| 702 |
|
1 |
|a Музыкант
|b Я. А.
|g Яков Абрамович
|4 220
|
| 702 |
|
1 |
|a Комова
|b Н. Е.
|g Наталья Евгеньевна
|4 220
|
| 712 |
0 |
2 |
|a ВНИИинструмент
|
| 801 |
|
1 |
|a RU
|b 63413507
|c 20070611
|g PSBO
|
| 942 |
|
|
|c BK
|